[Event "Pinneberg-ch"]
[Site "Pinneberg"]
[Date "2017.10.05"]
[Round "5"]
[White "Klawitter, Bernd"]
[Black "Seipel, Hartmut"]
[Result "1/2-1/2"]
[WhiteElo "1388"]
[BlackElo "1800"]
[PlyCount "96"]
[EventDate "2017.09.07"]
[EventType "swiss"]
[EventRounds "7"]
[EventCountry "GER"]
[SourceTitle "EXT 2019"]
[Source "ChessBase"]
[SourceDate "2018.10.10"]
[SourceVersion "1"]
[SourceVersionDate "2018.10.10"]
[SourceQuality "1"]

1. b3 d5 2. Bb2 Nf6 3. Nf3 c5 4. e3 Bg4 5. Be2 Nbd7 6. h3 Bxf3 7. gxf3 e5 8. d3 g6 9. Nd2 Bg7 10. Nf1 0-0 11. Qd2 b5 12. Ng3 Qb6 13. h4 a5 14. a4 Rfc8 15. axb5 d4 16. e4 Qxb5 17. Ra4 Nb6 18. Ra2 a4 19. 0-0 axb3 20. Rxa8 Rxa8 21. cxb3 Qxb3 22. Bd1 Qe6 23. Qc1 Rc8 24. Ba3 Bf8 25. Qb2 c4 26. Bxf8 Kxf8 27. Qb4+ Kg7 28. dxc4 Rxc4 29. Qa3 Rc3 30. Qb4 Nfd7 31. Be2 Rb3 32. Qa5 Nc4 33. Qa2 Rc3 34. h5 Nc5 35. hxg6 hxg6 36. Bxc4 Qxc4 37. Qd2 Ne6 38. Rb1 Nf4 39. Qb2 Qc8 40. Qb5 Rc5 41. Qf1 d3 42. Kh2 d2 43. Ne2 Nxe2 44. Qxe2 Rc1 45. Qb5 Qh8+ 46. Kg3 Rxb1 47. Qxe5+ Kh7 48. Kf4 d1Q 1/2-1/2

[Event "Pinneberg-ch"]
[Site "Pinneberg"]
[Date "2017.09.14"]
[Round "2"]
[White "Tornier, Siegfried"]
[Black "Seipel, Hartmut"]
[Result "0-1"]
[WhiteElo "1434"]
[BlackElo "1800"]
[PlyCount "52"]
[EventDate "2017.09.07"]
[EventType "swiss"]
[EventRounds "7"]
[EventCountry "GER"]
[SourceTitle "EXT 2019"]
[Source "ChessBase"]
[SourceDate "2018.10.10"]
[SourceVersion "1"]
[SourceVersionDate "2018.10.10"]
[SourceQuality "1"]

1. e4 c5 2. Nc3 Nc6 3. Nf3 a6 4. a4 d6 5. Bc4 Nf6 6. h3 g6 7. d3 Bg7 8. Bg5 0-0 9. Qc1 Na5 10. Ba2 Rb8 11. Bh6 b5 12. Bxg7 Kxg7 13. axb5 axb5 14. b3 Nc6 15. 0-0 Bd7 16. Ne2 Qb6 17. Nc3 e6 18. Re1 Nd4 19. Nxd4 cxd4 20. Ne2 b4 21. f4 e5 22. Ng3 h6 23. f5 Ra8 24. Rf1 Qc5 25. h4 Ng4 26. Rf2 Nxf2 0-1